Erster oder Zweiter Weltkrieg? - Statistiken

Allgemein
  • Dieses Quiz wurde 18.760 mal gespielt
  • Das Durchschnittsergebnis liegt bei 13 aus 18
Antwortstatistiken
Frage Antwort % Korrekt
Der Krieg startete mit einem Attentat. Erster Weltkrieg
96%
Hatte die höhere Todesopferzahl beider Kriege. Zweiter Weltkrieg
92%
Japan und Deutschland waren Verbündete. Zweiter Weltkrieg
87%
Deutschland nahm Paris ein. Zweiter Weltkrieg
85%
Mussolini war der Führer Italiens. Zweiter Weltkrieg
84%
Japan griff die Philippinen an. Zweiter Weltkrieg
80%
Schützengräben waren ein wichtiges Merkmal im Krieg. Erster Weltkrieg
78%
Senfgas wurde öfters eingesetzt. Erster Weltkrieg
72%
Manfred von Richthofen war ein berühmter Pilot. Erster Weltkrieg
70%
Zeppeline bombadierten London. Erster Weltkrieg
70%
Allierte brachten Lieferungen nach China über die „Birmastraße“. Zweiter Weltkrieg
68%
T. E. Lawrence kämpfte in dem Krieg. Erster Weltkrieg
67%
Zum ersten Mal wurden Panzer benutzt. Erster Weltkrieg
64%
Es gab eine deutsche Offensive, die Ardennenoffensive genannt wurde. Zweiter Weltkrieg
62%
Der Krieg wird in Russland "Großer Vaterländischer Krieg" genannt. Zweiter Weltkrieg
58%
Mehr als 1 Million französische Soldaten starben. Erster Weltkrieg
55%
Der U.S. Präsident vom Anfang des Krieges starb, bevor der Krieg endete. Zweiter Weltkrieg
55%
Deutschland machte Mexiko eine Zusage für Hilfen, bei einem Angriff auf die USA. Erster Weltkrieg
35%
Keine übereinstimmenden Quizze gefunden
Verteilung der Resultate
Anzahl Personen mit jedem Resultat
Perzentil nach korrekt beantworteten Fragen
Ihre Resultats-Entwicklung
Sie haben dieses Quiz noch nicht gespielt